Parasar smriti evam deval smriti ka tulanatmak adhyayan/ (Record no. 33479)

000 -LEADER
fixed length control field 00448nam a22001571a 4500
020 ## - INTERNATIONAL STANDARD BOOK NUMBER
International Standard Book Number 9788170813644
082 ## - DEWEY DECIMAL CLASSIFICATION NUMBER
Classification number H 294.592 1
Item number DHA/P
100 ## - MAIN ENTRY--PERSONAL NAME
Personal name Dhanpati Devi Kasyap
9 (RLIN) 141367
245 ## - TITLE STATEMENT
Title Parasar smriti evam deval smriti ka tulanatmak adhyayan/
Statement of responsibility, etc. by Dhanpati Devi Kasyap.
260 ## - PUBLICATION, DISTRIBUTION, ETC.
Place of publication, distribution, etc. Delhi:
Name of publisher, distributor, etc. Nag,
Date of publication, distribution, etc. 1997.
300 ## - PHYSICAL DESCRIPTION
Extent 301p.
650 ## - SUBJECT ADDED ENTRY--TOPICAL TERM
Topical term or geographic name entry element Vedic Literature
9 (RLIN) 141368
650 ## - SUBJECT ADDED ENTRY--TOPICAL TERM
Topical term or geographic name entry element Hinduism
9 (RLIN) 141369
650 ## - SUBJECT ADDED ENTRY--TOPICAL TERM
Topical term or geographic name entry element Religion
9 (RLIN) 141370
942 ## - ADDED ENTRY ELEMENTS (KOHA)
Koha item type Book
Holdings
Withdrawn status Lost status Damaged status Not for loan Permanent Location Current Location Date acquired Cost, normal purchase price Total Checkouts Full call number Barcode Date last seen Date last checked out Cost, replacement price Price effective from Koha item type
        Sree Sankaracharya University of Sanskrit Sree Sankaracharya University of Sanskrit 08.01.2015 69.00 1 H 294.592 1 DHA/P 013213 09.07.2015 08.06.2015 0.00 08.01.2015 Book